Best-Selling Album Title Holders - Statistics

General Stats
  • This quiz has been taken 12 times
  • The average score is 4 of 10
Answer Stats
Year Record Set Artist Album % Correct
1984 Michael Jackson Thriller
100%
1979 Bee Gees/Various Artists Saturday Night Fever
82%
1973, 1976 Carole King Tapestry
64%
1968, 1975/1976 Various Artists/Soundtrack The Sound of Music
45%
1969 Iron Butterfly In-A-Gadda-Da-Vida
27%
1945, 1956 Various Artists/Soundtrack Oklahoma!
27%
1960 Various Artists/Soundtrack South Pacific
18%
1956/1957 Various Artists/Soundtrack My Fair Lady
9%
1963 Vaughn Meader The First Family
0%
After 1946 Al Jolson The Jolson Story
0%
No matching quizzes found
Score Distribution
Percent of People with Each Score
Percentile by Number Answered
Your Score History
You have not taken this quiz